Arnold Schwarzenegger Movies - Statistics

General Stats
  • This quiz has been taken 144 times
  • The average score is 20 of 56
Answer Stats
Hint Answer % Correct
1984 The Terminator
97%
1987 Predator
82%
1982 Conan the Barbarian
79%
2010 The Expendables
78%
1990 Kindergarten Cop
77%
1988 Twins
73%
2012 The Expendables 2
71%
1994 True Lies
71%
2014 The Expendables 3
67%
1985 Commando
64%
1993 Last Action Hero
64%
1990 Total Recall
64%
1991 Terminator 2: Judgement Day
60%
1970 Hercules in New York
59%
1984 Conan the Destroyer
58%
2003 Terminator 3: Rise of the Machines
54%
1987 The Running Man
54%
2015 Terminator: Genisys
50%
1997 Batman and Robin
48%
1996 Jingle All the Way
46%
1994 Junior
45%
1985 Red Sonja
45%
1996 Eraser
44%
2013 Escape Plan
43%
2019 Terminator: Dark Fate
41%
1999 End of Days
39%
1986 Raw Deal
37%
1988 Red Heat
36%
2013 The Last Stand
35%
2000 The 6th Day
34%
2002 Collateral Damage
30%
2015 Maggie
29%
2014 Sabotage
24%
2004 Around the World in 80 Days
19%
1976 Stay Hungry
19%
1979 The Villain
16%
2017 Killing Gunther
14%
2017 Aftermath
12%
2017 Aftermath
12%
2003 The Rundown
11%
1979 Scavenger Hunt
10%
1993 Beretta's Island
8%
1993 Dave
8%
2019 Iron Mask
8%
1992 Christmas in Connecticut
7%
1980 The Jayne Mansfield Story
7%
2005 The Kid and I
7%
1973 The Long Goodbye
7%
2022 Kung Fury 2
6%
TBD The Legend of Conan
6%
TBD Triplets
6%
1974 Happy Anniversary and Goodbye
5%
1992 Encino Man
3%
1992 Lincoln
3%
2009 Kambakkht Ishq
0%
2012 Railroader
0%
No matching quizzes found
Score Distribution
Percent of People with Each Score
Percentile by Number Answered
Your Score History
You have not taken this quiz